000 00938nam a22002417a 4500
999 _c19419
_d19419
003 AR-CdUCM
008 190517b ||||| |||| 00| 0 spa d
020 _a968-18-4345-2
040 _aMUNICIPALIDAD PROVINCIAL DEL CUSCO
_cBIBLIOTECA MUNICIPAL DEL CUSCO
041 _heng
082 _a070.11 /
_bL22
100 _aLambeth, Edmund B.
_940744
245 _aPeriodismo comprometido :
_bun código de ética para la profesión /
260 _aMéxico, D.F :
_bLimusa,
_c1992.
300 _a224 páginas ;
_c23 cm.
505 _aContenido: Mas allá de una prensa con responsabilidad social -- El periodismo y la teoría ética clásica -- Hacia un sistema ecléctico de ética periodismo...
650 _aÉtica periodística
_940745
650 _aPeriodismo
_91929
650 _aÉtica profesional
_98138
700 _aCevallos de Rosillo, María Guadalupe (traducción)
_940746
942 _2ddc
_cLIBROS
945 _adavv
_d2019-05-17